[Event "Nordic-ch U17"]
[Site "Fredericia"]
[Date "2020.02.16"]
[Round "6"]
[White "Fjallheim, Leif Reinert"]
[Black "Briem, Stephan"]
[Result "0-1"]
[WhiteElo "1996"]
[BlackElo "2197"]
[PlyCount "58"]
[EventDate "2020.02.14"]
[EventType "swiss"]
[EventRounds "6"]
[EventCountry "DEN"]
[SourceTitle "EXT 2021"]
[Source "ChessBase"]
[SourceDate "2020.10.23"]
[SourceVersion "1"]
[SourceVersionDate "2020.10.23"]
[SourceQuality "1"]

1. Nf3 f5 2. d4 Nf6 3. Bf4 e6 4. h3 Be7 5. e3 0-0 6. Be2 b6 7. c4 Bb7 8. Nbd2 Ne4 9. 0-0 d6 10. Nxe4 Bxe4 11. Nd2 Bb7 12. Bf3 Qc8 13. Re1 Nd7 14. Bg3 c5 15. Bxb7 Qxb7 16. Qf3 Qc7 17. Rad1 Rad8 18. b3 Kh8 19. Nb1 a6 20. Nc3 g5 21. Bh2 Rf7 22. Qh5 Rg7 23. e4 f4 24. Qg4 cxd4 25. Rxd4 Bf6 26. e5 Bxe5 27. Rd3 Nc5 28. Rf3 Qf7 29. b4 h5 0-1

[Event "Nordic-ch U17"]
[Site "Fredericia"]
[Date "2020.02.14"]
[Round "1"]
[White "Fjallheim, Leif Reinert"]
[Black "Vitenberg, Noam Aviv"]
[Result "0-1"]
[WhiteElo "1996"]
[BlackElo "2276"]
[PlyCount "62"]
[EventDate "2020.02.14"]
[EventType "swiss"]
[EventRounds "6"]
[EventCountry "DEN"]
[SourceTitle "EXT 2021"]
[Source "ChessBase"]
[SourceDate "2020.10.23"]
[SourceVersion "1"]
[SourceVersionDate "2020.10.23"]
[SourceQuality "1"]

1. e4 c6 2. d4 d5 3. Nc3 dxe4 4. Nxe4 Bf5 5. Ng3 Bg6 6. h4 h6 7. Nf3 Nd7 8. h5 Bh7 9. Bd3 Bxd3 10. Qxd3 e6 11. Bd2 Ngf6 12. 0-0-0 Be7 13. Qe2 0-0 14. Nf1 c5 15. g4 cxd4 16. g5 hxg5 17. Bxg5 Qa5 18. Rxd4 Qxa2 19. N1d2 Rac8 20. Nb1 Nc5 21. Nfd2 Rfd8 22. Rxd8+ Bxd8 23. Qf3 Qd5 24. Rg1 Nd3+ 25. Kd1 Nxb2+ 26. Ke2 Qb5+ 27. c4 Nxc4 28. Qd3 Qe5+ 29. Be3 Qxh5+ 30. Ke1 Nxe3 31. fxe3 Qh2 0-1

[Event "Uppsala Young Champions"]
[Site "Uppsala"]
[Date "2019.10.27"]
[Round "4"]
[White "Papunidi, Matvey"]
[Black "Fjallheim, Leif Reinert"]
[Result "1-0"]
[WhiteElo "2083"]
[BlackElo "1985"]
[PlyCount "63"]
[EventDate "2019.10.25"]
[EventType "swiss"]
[EventRounds "9"]
[EventCountry "SWE"]
[SourceTitle "CBM 192 Extra"]
[Source "Chessbase"]
[SourceDate "2019.11.06"]
[SourceVersion "1"]
[SourceVersionDate "2019.11.06"]
[SourceQuality "1"]

1. e4 c5 2. Nf3 d6 3. d4 cxd4 4. Qxd4 Nc6 5. Bb5 Bd7 6. Bxc6 Bxc6 7. Nc3 Nf6 8. Bg5 e5 9. Qd3 Be7 10. 0-0-0 Ng4 11. Bxe7 Qxe7 12. Rd2 Rc8 13. Nb5 Bxb5 14. Qxb5+ Qd7 15. Qb4 Qc6 16. Rhd1 Ke7 17. h3 Nf6 18. Nxe5 Qxe4 19. Nc4 a5 20. Qb5 Ne8 21. Nxa5 Qxg2 22. Nxb7 Rb8 23. Qe2+ Kf8 24. Nxd6 Qxh3 25. Re1 Qd7 26. Nxe8 Qxe8 27. Qd1 Qc8 28. Rd7 Kg8 29. Qd5 Qf8 30. Ree7 Re8 31. Rxe8 Qxe8 32. Rd8 1-0

[Event "Uppsala Young Champions"]
[Site "Uppsala"]
[Date "2019.10.25"]
[Round "1"]
[White "Fjallheim, Leif Reinert"]
[Black "Crevatin, Leo"]
[Result "1/2-1/2"]
[WhiteElo "1985"]
[BlackElo "2221"]
[PlyCount "70"]
[EventDate "2019.10.25"]
[EventType "swiss"]
[EventRounds "9"]
[EventCountry "SWE"]
[SourceTitle "CBM 192 Extra"]
[Source "Chessbase"]
[SourceDate "2019.11.06"]
[SourceVersion "1"]
[SourceVersionDate "2019.11.06"]
[SourceQuality "1"]

1. d4 d5 2. Bf4 c5 3. c3 Nc6 4. e3 Nf6 5. Nd2 Bf5 6. Qb3 Qd7 7. Ngf3 c4 8. Qd1 e6 9. h3 h6 10. Ne5 Nxe5 11. dxe5 Ne4 12. Nxe4 Bxe4 13. f3 Bg6 14. Qd2 Qc6 15. Be2 Bc5 16. h4 h5 17. Bd1 0-0-0 18. b4 cxb3 19. axb3 Kb8 20. Be2 Rc8 21. Kf2 Rhd8 22. Rhc1 Rd7 23. Ra5 Qc7 24. Bb5 Rdd8 25. Raa1 Qb6 26. Ba4 Be7 27. g3 Rc7 28. b4 Rdc8 29. Kg2 Rc4 30. Bb3 R4c6 31. Ba4 R6c7 32. Kh2 Rc4 33. Bb3 R4c7 34. Ba4 Rc4 35. Bb3 R4c7 1/2-1/2

[Event "Helsingor Xtracon op"]
[Site "Helsingor"]
[Date "2019.07.26"]
[Round "8"]
[White "Fjallheim, Leif Reinert"]
[Black "Nielsen, Kai Gylling"]
[Result "1-0"]
[WhiteElo "1883"]
[BlackElo "1709"]
[PlyCount "95"]
[EventDate "2019.07.20"]
[EventType "swiss"]
[EventRounds "10"]
[EventCountry "DEN"]
[SourceTitle "CBM 191 Extra"]
[Source "ChessBase"]
[SourceDate "2019.09.30"]
[SourceVersion "1"]
[SourceVersionDate "2019.09.30"]
[SourceQuality "1"]

1. d4 Nf6 2. Bf4 d6 3. e3 g6 4. Nd2 Bg7 5. c3 0-0 6. Be2 Nbd7 7. h4 Nd5 8. Bh2 e5 9. dxe5 dxe5 10. h5 g5 11. Ne4 c6 12. Nf3 h6 13. Nd6 Qf6 14. Nxc8 Raxc8 15. Qc2 Rfe8 16. Nd2 Qe6 17. g4 b5 18. Ne4 N5f6 19. Rg1 Nxe4 20. Qxe4 Nc5 21. Qc2 Rcd8 22. b3 Rd7 23. Rd1 Red8 24. Rxd7 Rxd7 25. b4 Na4 26. e4 Qd6 27. a3 a6 28. Rg3 Qe6 29. Re3 Bf8 30. f3 Nb6 31. Rd3 Rxd3 32. Bxd3 Nc4 33. Bxc4 Qxc4 34. Bxe5 Bg7 35. Bxg7 Kxg7 36. Kf2 c5 37. Ke3 cxb4 38. axb4 Qf1 39. Qe2 Qxe2+ 40. Kxe2 Kf6 41. Kd3 Ke5 42. Ke3 f6 43. Ke2 Kd6 44. Kd2 Ke6 45. Kd3 Ke5 46. Ke3 Kd6 47. f4 Ke6 48. fxg5 1-0

[Event "Helsingor Xtracon op"]
[Site "Helsingor"]
[Date "2019.07.20"]
[Round "1"]
[White "Kjartansson, Gudmundur"]
[Black "Fjallheim, Leif Reinert"]
[Result "1/2-1/2"]
[WhiteElo "2470"]
[BlackElo "1883"]
[PlyCount "134"]
[EventDate "2019.07.20"]
[EventType "swiss"]
[EventRounds "10"]
[EventCountry "DEN"]
[SourceTitle "CBM 191 Extra"]
[Source "ChessBase"]
[SourceDate "2019.09.30"]
[SourceVersion "1"]
[SourceVersionDate "2019.09.30"]
[SourceQuality "1"]

1. Nf3 Nf6 2. c4 e6 3. b3 b6 4. g3 Bb7 5. Bg2 d5 6. Bb2 Nbd7 7. 0-0 Be7 8. e3 0-0 9. Nc3 Re8 10. Rc1 c6 11. d4 Bd6 12. Qc2 Qe7 13. Rfe1 Rac8 14. e4 dxe4 15. Nxe4 Nxe4 16. Rxe4 h6 17. Rce1 Nf6 18. R4e2 Bb4 19. Rd1 Ba3 20. Bxa3 Qxa3 21. Ne5 Qe7 22. f4 Nd7 23. Nxd7 Qxd7 24. c5 Red8 25. Red2 Rc7 26. Qc3 Qe7 27. b4 Rcd7 28. Re1 a5 29. a3 axb4 30. axb4 bxc5 31. bxc5 Rc7 32. h4 Qd7 33. h5 Ba6 34. Kh2 Bb5 35. Re5 Ra7 36. Bh3 Ra4 37. f5 exf5 38. Bxf5 Qa7 39. Qe3 Kf8 40. Bc2 Ra2 41. Qe4 f6 42. Qh7 Bc4 43. Qh8+ Bg8 44. Bb3 Rxd2+ 45. Kh3 Qf7 46. Bxf7 Kxf7 47. Re3 R2xd4 48. Ra3 R4d5 49. Ra7+ R5d7 50. Ra6 Rc7 51. Ra4 Kf8 52. Kg4 Rcd7 53. Ra6 Rc8 54. Kf3 Kf7 55. Rb6 Rdc7 56. Rb4 Re7 57. Rd4 Rce8 58. Rd6 Re3+ 59. Kg2 R3e6 60. Rd4 Re4 61. Rd7+ R4e7 62. Rd1 Re1 63. Rd4 R1e4 64. Rd7+ R4e7 65. Rd6 Re6 66. Rd4 Re4 67. Rd6 R4e6 1/2-1/2

[Event "FAI-chT 1819"]
[Site "Faroe Islands"]
[Date "2019.01.19"]
[Round "5.2"]
[White "Fjallheim, Leif Reinert"]
[Black "Nolsoe, Rani"]
[Result "0-1"]
[WhiteElo "1919"]
[BlackElo "2080"]
[PlyCount "106"]
[EventDate "2018.10.28"]
[EventType "team-tourn"]
[EventRounds "10"]
[EventCountry "FAI"]
[SourceTitle "CBM 189 Extra"]
[Source "ChessBase"]
[SourceDate "2019.05.31"]
[SourceVersion "1"]
[SourceVersionDate "2019.05.31"]
[SourceQuality "1"]
[WhiteTeam "Havnin II"]
[BlackTeam "Klaksvik"]
[WhiteTeamCountry "FAI"]
[BlackTeamCountry "FAI"]

1. e4 d6 2. d4 Nf6 3. Nc3 e5 4. dxe5 dxe5 5. Qxd8+ Kxd8 6. Bc4 Ke8 7. a3 c6 8. Nf3 Bd6 9. Bg5 Ke7 10. h3 b5 11. Ba2 Nbd7 12. Rd1 Bc7 13. Nh2 h6 14. Be3 a5 15. f3 Ba6 16. Kf2 Rhd8 17. Rd2 Nb6 18. Rhd1 Rxd2+ 19. Rxd2 Nfd7 20. g3 b4 21. Nb1 Bc4 22. b3 Be6 23. c4 bxa3 24. c5 Nc8 25. Nxa3 Rb8 26. Nc4 Rb5 27. Na3 Rb4 28. Nc2 Rb8 29. Na1 Na7 30. Rb2 Rb5 31. Rc2 Rb8 32. Rb2 Nb5 33. b4 Bxa2 34. Rxa2 axb4 35. Nb3 Nc3 36. Ra1 Nf8 37. Nf1 Ne6 38. Nfd2 f6 39. Nc4 Nb5 40. Nca5 Nd8 41. Ke1 Na3 42. Kd1 Ra8 43. Bd2 Bxa5 44. Nxa5 Rxa5 45. Bxb4 Rb5 46. Bxa3 Rb3 47. Ke2 Ne6 48. Bc1 Nd4+ 49. Kf2 Rxf3+ 50. Kg2 Rc3 51. Rb1 Ke6 52. Bb2 Rc2+ 53. Kf1 Rxc5 0-1

[Event "Runavik op"]
[Site "Runavik"]
[Date "2018.11.16"]
[Round "6"]
[White "Schadd, Jan"]
[Black "Fjallheim, Leif Reinert"]
[Result "1-0"]
[WhiteElo "1842"]
[BlackElo "1919"]
[PlyCount "61"]
[EventDate "2018.11.12"]
[EventType "swiss"]
[EventRounds "9"]
[EventCountry "FAI"]
[SourceTitle "CBM 187 Extra"]
[Source "ChessBase"]
[SourceDate "2018.11.04"]
[SourceVersion "1"]
[SourceVersionDate "2018.11.04"]
[SourceQuality "1"]

1. Nf3 Nf6 2. g3 g6 3. Bg2 Bg7 4. d4 d6 5. Nc3 0-0 6. Bg5 c6 7. e4 b5 8. e5 Nd5 9. Nxd5 cxd5 10. exd6 Qxd6 11. 0-0 Bg4 12. Qd3 Bxf3 13. Bxf3 Qd7 14. c3 a6 15. a4 b4 16. c4 Nc6 17. Bxd5 Bxd4 18. Rad1 e5 19. Qe4 Rac8 20. Bf6 Qf5 21. Qh4 h5 22. h3 g5 23. Bxg5 Qg6 24. Bf6 Nd8 25. Be4 Qh6 26. g4 Qf4 27. Qxh5 Bxf2+ 28. Rxf2 Qg3+ 29. Kh1 Qh2+ 30. Kxh2 Ne6 31. Qh7# 1-0

[Event "Runavik op"]
[Site "Runavik"]
[Date "2018.11.15"]
[Round "5"]
[White "Fjallheim, Leif Reinert"]
[Black "Hojgaard, Brandur"]
[Result "1-0"]
[WhiteElo "1919"]
[BlackElo "1708"]
[PlyCount "103"]
[EventDate "2018.11.12"]
[EventType "swiss"]
[EventRounds "9"]
[EventCountry "FAI"]
[SourceTitle "CBM 187 Extra"]
[Source "ChessBase"]
[SourceDate "2018.11.04"]
[SourceVersion "1"]
[SourceVersionDate "2018.11.04"]
[SourceQuality "1"]

1. Nf3 Nf6 2. g3 d5 3. d3 Bf5 4. c4 e6 5. a3 c6 6. b3 Bd6 7. Bb2 Nbd7 8. Nc3 0-0 9. Nh4 Bg4 10. Bg2 Qe7 11. h3 Bh5 12. Qc2 Rac8 13. Nd1 Be5 14. d4 Bb8 15. 0-0 c5 16. dxc5 Qxc5 17. Ne3 Bxg3 18. b4 Qc7 19. fxg3 Qxg3 20. Nf3 dxc4 21. Bc3 Bg6 22. Qc1 Ne4 23. Be1 Qc7 24. Nh4 Ng3 25. Bxg3 Qxg3 26. Nxg6 Qxg6 27. Nd1 Rc7 28. Nc3 Nf6 29. Qe1 Nd5 30. Rf3 Nxc3 31. Qxc3 Rd8 32. Rg3 Qh6 33. a4 g6 34. Rc1 Qg7 35. Qxg7+ Kxg7 36. Rgc3 Rd4 37. e3 Rdd7 38. Rxc4 Rxc4 39. Rxc4 b6 40. Rc3 Rd1+ 41. Kf2 Rd7 42. Ke2 Kf6 43. a5 bxa5 44. bxa5 Ke7 45. a6 f5 46. Rc8 Rd8 47. Rc7+ Rd7 48. Rb7 Kd6 49. Rb8 Kc7 50. Re8 Kd6 51. Bb7 Kc7 52. Rxe6 1-0

[Event "Uppsala Young Champions"]
[Site "Uppsala"]
[Date "2018.10.30"]
[Round "7"]
[White "Jazdanovs, Aleksandrs"]
[Black "Fjallheim, Leif Reinert"]
[Result "1-0"]
[WhiteElo "2098"]
[BlackElo "1919"]
[PlyCount "93"]
[EventDate "2018.10.26"]
[EventType "swiss"]
[EventRounds "9"]
[EventCountry "SWE"]
[SourceTitle "CBM 187 Extra"]
[Source "ChessBase"]
[SourceDate "2018.11.04"]
[SourceVersion "1"]
[SourceVersionDate "2018.11.04"]
[SourceQuality "1"]

1. e4 e5 2. Nf3 Nc6 3. Bb5 a6 4. Ba4 Nf6 5. 0-0 b5 6. Bb3 Be7 7. Re1 0-0 8. a4 b4 9. d4 d6 10. dxe5 Nxe5 11. Nxe5 dxe5 12. Bg5 Bb7 13. Bxf6 Bxf6 14. Qe2 Qe7 15. Nd2 Rad8 16. Rad1 Rd7 17. Nf3 Rfd8 18. Rxd7 Rxd7 19. Qc4 Qd6 20. h3 a5 21. c3 bxc3 22. Qxc3 Qd3 23. Bc4 Qxc3 24. bxc3 g6 25. g4 h6 26. h4 Bc6 27. g5 hxg5 28. hxg5 Bg7 29. Kh2 Bxa4 30. Ra1 Bd1 31. Nh4 Kh7 32. Bd5 Bg4 33. Rxa5 f6 34. Kg3 fxg5 35. Ng2 Be2 36. Ne3 g4 37. Be6 Re7 38. Bxg4 Bxg4 39. Kxg4 Bh6 40. Nd5 Rf7 41. f3 c6 42. Nb4 Bd2 43. Rc5 Rf4+ 44. Kg3 Be1+ 45. Kg2 g5 46. Nd3 Bxc3 47. Rxc3 1-0

[Event "Uppsala Young Champions"]
[Site "Uppsala"]
[Date "2018.10.29"]
[Round "5"]
[White "Thorhallsson, Simon"]
[Black "Fjallheim, Leif Reinert"]
[Result "1-0"]
[WhiteElo "2092"]
[BlackElo "1919"]
[PlyCount "85"]
[EventDate "2018.10.26"]
[EventType "swiss"]
[EventRounds "9"]
[EventCountry "SWE"]
[SourceTitle "CBM 187 Extra"]
[Source "ChessBase"]
[SourceDate "2018.11.04"]
[SourceVersion "1"]
[SourceVersionDate "2018.11.04"]
[SourceQuality "1"]

1. d4 Nf6 2. Nf3 g6 3. Nc3 Bg7 4. e4 d6 5. Be2 0-0 6. h3 e5 7. dxe5 dxe5 8. Qxd8 Rxd8 9. Bg5 Re8 10. 0-0-0 c6 11. Nd2 b5 12. a4 b4 13. Na2 a5 14. Rhe1 Nfd7 15. Nc4 Bf8 16. Nd6 Bxd6 17. Rxd6 Nc5 18. Bc4 Nxa4 19. Be3 Ba6 20. Bxa6 Nxa6 21. Rxc6 Rec8 22. Rxc8+ Rxc8 23. b3 N4c5 24. Kb2 Rd8 25. f3 Nb7 26. Ra1 Rd6 27. Nc1 Nc7 28. Nd3 Re6 29. Nxb4 f5 30. Nd5 Nb5 31. c4 Nd4 32. Bxd4 exd4 33. b4 fxe4 34. fxe4 Nd6 35. bxa5 Nxc4+ 36. Kb3 Nd2+ 37. Kc2 Nxe4 38. a6 d3+ 39. Kb2 d2 40. a7 Ra6 41. a8Q+ Rxa8 42. Rxa8+ Kf7 43. Kc2 1-0

[Event "Uppsala Young Champions"]
[Site "Uppsala"]
[Date "2018.10.27"]
[Round "3"]
[White "Bit Narva, David"]
[Black "Fjallheim, Leif Reinert"]
[Result "1-0"]
[WhiteElo "1974"]
[BlackElo "1919"]
[PlyCount "79"]
[EventDate "2018.10.26"]
[EventType "swiss"]
[EventRounds "9"]
[EventCountry "SWE"]
[SourceTitle "CBM 187 Extra"]
[Source "ChessBase"]
[SourceDate "2018.11.04"]
[SourceVersion "1"]
[SourceVersionDate "2018.11.04"]
[SourceQuality "1"]

1. e4 e5 2. Nf3 Nc6 3. Bb5 a6 4. Ba4 Nf6 5. d3 b5 6. Bb3 Bc5 7. 0-0 d6 8. c3 Bg4 9. Re1 0-0 10. Nbd2 Ne7 11. Nf1 h6 12. h3 Be6 13. Bc2 Ng6 14. d4 Bb6 15. Ne3 Re8 16. d5 Bd7 17. a4 Qc8 18. axb5 axb5 19. Rxa8 Qxa8 20. b3 Kh7 21. c4 Qa7 22. Bd3 bxc4 23. bxc4 Nf4 24. Bc2 Ra8 25. Bd2 Kg8 26. Bc3 Qa6 27. Nd2 Ba4 28. Qf3 Bxe3 29. fxe3 N4xd5 30. exd5 Bxc2 31. e4 Qc8 32. c5 Ra4 33. c6 Qa6 34. Re3 Qb6 35. Kh2 g6 36. Re1 Kg7 37. Rf1 Ng4+ 38. hxg4 f5 39. gxf5 Qb8 40. fxg6 1-0

[Event "Uppsala Young Champions"]
[Site "Uppsala"]
[Date "2018.10.26"]
[Round "1"]
[White "Nilsson, Joakim"]
[Black "Fjallheim, Leif Reinert"]
[Result "1-0"]
[WhiteElo "2191"]
[BlackElo "1919"]
[PlyCount "81"]
[EventDate "2018.10.26"]
[EventType "swiss"]
[EventRounds "9"]
[EventCountry "SWE"]
[SourceTitle "CBM 187 Extra"]
[Source "ChessBase"]
[SourceDate "2018.11.04"]
[SourceVersion "1"]
[SourceVersionDate "2018.11.04"]
[SourceQuality "1"]

1. d4 Nf6 2. c4 g6 3. g3 Bg7 4. Bg2 d6 5. Nf3 0-0 6. 0-0 c6 7. Nc3 Na6 8. d5 cxd5 9. cxd5 Nc5 10. Nd4 Bd7 11. b4 Na6 12. a3 Qc8 13. Bb2 Bh3 14. Rc1 Bxg2 15. Kxg2 Qd7 16. f3 Nc7 17. e4 Rac8 18. Nce2 Rfd8 19. Qb3 Qe8 20. Rc4 Nd7 21. Rfc1 Na8 22. f4 Rxc4 23. Rxc4 Ndb6 24. Rc2 Rc8 25. Rxc8 Qxc8 26. a4 Qc4 27. Qxc4 Nxc4 28. Bc3 Nab6 29. a5 Nd7 30. Nc6 Bxc3 31. Nxc3 a6 32. Nxe7+ Kf8 33. Nc6 bxc6 34. dxc6 Ndb6 35. axb6 Nxb6 36. Nd5 Nc8 37. Kf3 h5 38. f5 Ke8 39. fxg6 fxg6 40. Kf4 Ne7 41. Nxe7 1-0

[Event "Helsingor Xtracon op"]
[Site "Helsingor"]
[Date "2018.07.21"]
[Round "1"]
[White "Fjallheim, Leif Reinert"]
[Black "Jepson, Christian"]
[Result "0-1"]
[WhiteElo "1886"]
[BlackElo "2410"]
[PlyCount "144"]
[EventDate "2018.07.21"]
[EventType "swiss"]
[EventRounds "10"]
[EventCountry "DEN"]
[SourceTitle "CBM 185 Extra"]
[Source "ChessBase"]
[SourceDate "2018.07.29"]
[SourceVersion "1"]
[SourceVersionDate "2018.07.29"]
[SourceQuality "1"]

1. e4 e5 2. Nf3 Nc6 3. Bb5 a6 4. Ba4 Nf6 5. d3 d6 6. c3 Bd7 7. 0-0 g6 8. Re1 Bg7 9. Nbd2 0-0 10. Nf1 h6 11. Ng3 Nh7 12. h3 Kh8 13. Bc2 Ng5 14. Nxg5 hxg5 15. Qd2 g4 16. hxg4 Bxg4 17. f3 Be6 18. Kf2 Kg8 19. Rh1 Qe7 20. Qe2 Rfe8 21. Bh6 Bxh6 22. Rxh6 Qg5 23. Rah1 Kf8 24. Bb3 Bxb3 25. axb3 Ne7 26. Nf1 Ng8 27. R6h3 Nf6 28. Ne3 Ke7 29. c4 c6 30. Qd2 Kd7 31. Qb4 Kc7 32. c5 dxc5 33. Qxc5 Rad8 34. Qa5+ Kb8 35. Rd1 Nh5 36. Qc3 Nf4 37. Rh7 Rd7 38. Ng4 Qe7 39. d4 Qd8 40. d5 Qe7 41. g3 Nh5 42. d6 Qe6 43. Qc4 Nf6 44. Qxe6 Rxe6 45. Nxf6 Rxf6 46. Ke3 c5 47. f4 exf4+ 48. gxf4 Rfxd6 49. Rxd6 Rxd6 50. Rxf7 Rb6 51. e5 Rxb3+ 52. Ke4 Rxb2 53. e6 Re2+ 54. Kd5 c4 55. Kxc4 Rxe6 56. f5 gxf5 57. Rxf5 Rb6 58. Ra5 Rb1 59. Kc3 Ka7 60. Kc2 Rb5 61. Rxb5 axb5 62. Kb2 Kb6 63. Kb3 Kc5 64. Kc3 b4+ 65. Kb3 Kb5 66. Kb2 Kc4 67. Kc2 b3+ 68. Kb2 Kb4 69. Kb1 Ka3 70. Ka1 b2+ 71. Kb1 b6 72. Kc2 Ka2 0-1

[Event "Faroes op"]
[Site "Sandavagur"]
[Date "2018.07.13"]
[Round "8"]
[White "Maroroa, Sue Yuchan"]
[Black "Fjallheim, Leif Reinert"]
[Result "0-1"]
[WhiteElo "2104"]
[BlackElo "1886"]
[PlyCount "118"]
[EventDate "2018.07.07"]
[EventType "swiss"]
[EventRounds "9"]
[EventCountry "FAI"]
[SourceTitle "CBM 185 Extra"]
[Source "ChessBase"]
[SourceDate "2018.07.29"]
[SourceVersion "1"]
[SourceVersionDate "2018.07.29"]
[SourceQuality "1"]

1. e4 e5 2. Nf3 Nc6 3. Bc4 Bc5 4. c3 Nf6 5. d3 0-0 6. 0-0 d6 7. a4 a5 8. Na3 h6 9. Nc2 Ba7 10. Be3 Ne7 11. Re1 Ng6 12. Bxa7 Rxa7 13. d4 Ra8 14. Ne3 c6 15. dxe5 dxe5 16. Qc2 Qc7 17. Rad1 Bg4 18. Nxg4 Nxg4 19. Rd2 Rad8 20. Red1 Rxd2 21. Qxd2 Nf6 22. Qd6 Qxd6 23. Rxd6 Re8 24. Nd2 Kf8 25. g3 Ke7 26. Rd3 Nf8 27. f3 N6d7 28. b4 Ra8 29. Bb3 Nb6 30. b5 Nfd7 31. Nc4 Nxc4 32. Bxc4 Nc5 33. Rd1 Nxa4 34. bxc6 bxc6 35. Rb1 Nc5 36. Rb6 Rc8 37. Kf2 f6 38. h4 Kd7 39. Ke3 Kc7 40. Rb1 Ra8 41. f4 Re8 42. f5 Rd8 43. g4 Rb8 44. Ra1 a4 45. g5 hxg5 46. hxg5 Rh8 47. Be2 Rh3+ 48. Bf3 fxg5 49. Rg1 a3 50. Rxg5 a2 51. Rxg7+ Kb6 52. Rg1 Nb3 53. f6 a1Q 54. Rxa1 Nxa1 55. f7 Rh8 56. Bh5 Kc7 57. Bd1 Kd7 58. Kd2 Ke7 59. Kc1 Rh1 0-1

[Event "Reykjavik op"]
[Site "Reykjavik"]
[Date "2018.03.12"]
[Round "7"]
[White "Kvamme, John Agnar"]
[Black "Fjallheim, Leif Reinert"]
[Result "1-0"]
[WhiteElo "2108"]
[BlackElo "1737"]
[PlyCount "93"]
[EventDate "2018.03.06"]
[EventType "swiss"]
[EventRounds "9"]
[EventCountry "ISL"]
[SourceTitle "CBM 183 Extra"]
[Source "ChessBase"]
[SourceDate "2018.04.19"]
[SourceVersion "1"]
[SourceVersionDate "2018.04.19"]
[SourceQuality "1"]

1. d4 Nf6 2. Nf3 g6 3. Bf4 Bg7 4. e3 d6 5. h3 0-0 6. Be2 c5 7. c3 a6 8. a4 b6 9. 0-0 Bb7 10. Nbd2 Nbd7 11. Qb3 Re8 12. Bh2 Rb8 13. Rfe1 Nf8 14. Bc4 d5 15. Bf1 c4 16. Qc2 Rc8 17. Ne5 N8d7 18. Nxd7 Qxd7 19. f3 e6 20. e4 Kh8 21. e5 Ng8 22. f4 Bc6 23. Nf3 b5 24. axb5 axb5 25. g4 Nh6 26. Bg3 Ra8 27. Bh4 Ra7 28. Bf6 Rea8 29. Rxa7 Qxa7 30. Qd2 Qb7 31. f5 Ng8 32. Bxg7+ Kxg7 33. f6+ Kf8 34. g5 Ra4 35. Qf4 Nh6 36. gxh6 b4 37. Ng5 Kg8 38. h4 bxc3 39. bxc3 Qb2 40. h5 Qxc3 41. Re3 Qd2 42. hxg6 Ra3 43. gxf7+ Kf8 44. Nxe6+ Kxf7 45. Rxa3 c3 46. Qxd2 cxd2 47. Rd3 1-0

[Event "Reykjavik op"]
[Site "Reykjavik"]
[Date "2018.03.11"]
[Round "6"]
[White "Fjallheim, Leif Reinert"]
[Black "Nebolsina, Vera"]
[Result "0-1"]
[WhiteElo "1737"]
[BlackElo "2211"]
[PlyCount "58"]
[EventDate "2018.03.06"]
[EventType "swiss"]
[EventRounds "9"]
[EventCountry "ISL"]
[SourceTitle "CBM 183 Extra"]
[Source "ChessBase"]
[SourceDate "2018.04.19"]
[SourceVersion "1"]
[SourceVersionDate "2018.04.19"]
[SourceQuality "1"]

1. e4 c5 2. Nc3 d6 3. f4 g6 4. Nf3 Bg7 5. Bc4 e6 6. 0-0 Ne7 7. d3 Nbc6 8. Qe1 h6 9. Bb3 Na5 10. Ba4+ Bd7 11. Bxd7+ Qxd7 12. Ne2 Nac6 13. c3 f5 14. Be3 0-0 15. Rd1 b5 16. Ng3 b4 17. Rf2 bxc3 18. bxc3 Qc7 19. Rc2 Qa5 20. Bd2 Qa4 21. Rdc1 Rae8 22. Qf2 Kh7 23. exf5 exf5 24. Ne2 Nd5 25. Kf1 Re7 26. Ne1 Rfe8 27. Ng1 Rxe1+ 28. Rxe1 Rxe1+ 29. Bxe1 Qxc2 0-1

[Event "Reykjavik op"]
[Site "Reykjavik"]
[Date "2018.03.07"]
[Round "2"]
[White "Fjallheim, Leif Reinert"]
[Black "Thorsteinsdottir, Hallgerdur"]
[Result "0-1"]
[WhiteElo "1737"]
[BlackElo "2041"]
[PlyCount "138"]
[EventDate "2018.03.06"]
[EventType "swiss"]
[EventRounds "9"]
[EventCountry "ISL"]
[SourceTitle "CBM 183 Extra"]
[Source "ChessBase"]
[SourceDate "2018.04.19"]
[SourceVersion "1"]
[SourceVersionDate "2018.04.19"]
[SourceQuality "1"]

1. e4 c6 2. d4 d5 3. Nc3 dxe4 4. Nxe4 Bf5 5. Ng3 Bg6 6. h4 h6 7. Nf3 Nd7 8. h5 Bh7 9. Bd3 Bxd3 10. Qxd3 e6 11. Bd2 Ngf6 12. 0-0-0 Be7 13. Qe2 0-0 14. Nf1 a5 15. g4 Nh7 16. Ng3 b5 17. Ne4 Ndf6 18. Nc5 Qd5 19. Kb1 Rad8 20. Bf4 Bxc5 21. dxc5 Qxc5 22. Be3 Qb4 23. Rh4 Ne4 24. Rd3 Rxd3 25. Qxd3 Nhg5 26. c3 Nxc3+ 27. Qxc3 Qxc3 28. bxc3 Nxf3 29. Rh3 Ne5 30. Rg3 Nc4 31. Bc1 Rd8 32. Kc2 f6 33. f4 e5 34. fxe5 Nxe5 35. Bf4 Nc4 36. Rg1 Kf7 37. Re1 Re8 38. Rd1 Re2+ 39. Kb1 Ke7 40. Rd4 a4 41. Bc7 Rb2+ 42. Ka1 Rd2 43. Bd6+ Kf7 44. Rxd2 Nxd2 45. Bf4 Nc4 46. Kb1 Ne5 47. g5 hxg5 48. Bh2 Nc4 49. Kc2 f5 50. Kd3 Ke6 51. Kd4 f4 52. Ke4 Nd2+ 53. Kd3 Nf1 54. Bg1 Ng3 55. c4 Nxh5 56. Kc3 f3 57. cxb5 cxb5 58. Kd3 g4 59. Ke4 g5 60. Bc5 Nf6+ 61. Ke3 f2 62. Ke2 g3 63. Kf1 Kf5 64. Kg2 Ke4 65. Bd6 Ng4 66. Bxg3 Ke3 67. Kf1 Kf3 68. Bf4 gxf4 69. a3 Ne3# 0-1

[Event "FAI-chT 1718"]
[Site "Faroe Islands"]
[Date "2018.03.04"]
[Round "9.2"]
[White "Joensen, Jakup F"]
[Black "Fjallheim, Leif Reinert"]
[Result "0-1"]
[WhiteElo "1662"]
[BlackElo "1743"]
[PlyCount "82"]
[EventDate "2017.10.22"]
[EventType "team-tourn"]
[EventRounds "10"]
[EventCountry "FAI"]
[SourceTitle "EXT 2019"]
[Source "ChessBase"]
[SourceDate "2018.10.10"]
[SourceVersion "1"]
[SourceVersionDate "2018.10.10"]
[SourceQuality "1"]
[WhiteTeam "Gota"]
[BlackTeam "Havnin II"]
[WhiteTeamCountry "FAI"]
[BlackTeamCountry "FAI"]

1. e4 d6 2. d4 Nf6 3. Nc3 g6 4. Nf3 Bg7 5. h3 0-0 6. Be3 Nbd7 7. Qd2 e5 8. d5 a6 9. g4 b5 10. Bd3 Bb7 11. g5 Nh5 12. Ne2 c5 13. dxc6 Bxc6 14. Ng3 Nf4 15. 0-0-0 Nc5 16. h4 Qc7 17. Kb1 Rfb8 18. h5 Nfxd3 19. cxd3 b4 20. Bxc5 dxc5 21. Rc1 Qd6 22. hxg6 hxg6 23. Ne1 Bb5 24. Qe3 Rc8 25. f3 a5 26. Rh2 a4 27. Rd2 Bd7 28. Nf1 Be6 29. Qe2 Qd8 30. Qg2 Ra7 31. Ne3 Rd7 32. Nc4 Rc6 33. Qg3 Bxc4 34. Rxc4 Rd4 35. Rxd4 cxd4 36. Qg2 b3 37. a3 Qc7 38. Rd1 Bf8 39. Qg1 Rc2 40. Qg3 Bxa3 41. bxa3 Qc3 0-1